501 Facts Factory: (Record no. 183070)

MARC details
000 -LEADER
fixed length control field 00602 a2200193 4500
005 - DATE AND TIME OF LATEST TRANSACTION
control field 20211215170336.0
010 ## - LCCN (DPL NO)
LC control number ENG-130342
020 ## - INTERNATIONAL STANDARD BOOK NUMBER
Terms of availability 299.00
International Standard Book Number 978-93-89253-16-0
035 ## - SYSTEM CONTROL NUMBER
System control number EN-113874
037 ## - SOURCE OF ACQUISITION
Source of stock number/acquisition DBAD / PUB
082 ## - DEWEY DECIMAL CLASSIFICATION NUMBER
Classification number 629.4
100 ## - MAIN ENTRY--PERSONAL NAME
Personal name Ponvannan, Gayathri
245 ## - TITLE STATEMENT
Title 501 Facts Factory:
Statement of responsibility, etc Gayathri Ponvannan
250 ## - EDITION STATEMENT
Edition statement 2020
260 ## - PUBLICATION, DISTRIBUTION, ETC. (IMPRINT)
Name of publisher, distributor, etc Hachette Book Publishing India Pvt. Ltd
Date of publication, distribution, etc 2020
Place of publication, distribution, etc Gurugram
270 ## - ADDRESS
City Haryana
Address 4th & 5th Floors Corporate Centre, Plot No. 94, Sector 44
Postal code 122003
300 ## - PHYSICAL DESCRIPTION
Extent 167p.
Dimensions 20cm (pbk)
942 ## - ADDED ENTRY ELEMENTS (KOHA)
Institution code [OBSOLETE] dpl
Item type English Books
Source of classification or shelving scheme Dewey Decimal Classification
Classification part 629.4
Call number suffix PON
Holdings
Withdrawn status Lost status Not for loan Collection code Home library Current library Date acquired Source of acquisition Cost, normal purchase price Full call number Barcode Copy number Cost, replacement price Koha item type
      Non-fiction Shahdara Branch Shahdara Branch 15/12/2021 DBAD/PUB 299.00 629.4 PON EN-113874 1 299.00 English Books

© Delhi Public Library
Hit Counter
free hit counter